Zawodnicy, którzy wygrali Majora w CS:GO! - Statystyki

Ogólne statystyki
  • Ten quiz został rozwiązany 1 638 razy
  • Średni wynik to 52 z 75
Statystyki odpowiedzi
Turniej Zwycięzca Odpowiedź % Poprawnych
ESL Major Series One Katowice 2014 Virtus.pro pashaBiceps
99%
ESL Major Series One Katowice 2014 Virtus.pro Snax
99%
ESL Major Series One Katowice 2014 Virtus.pro neo
98%
ESL Major Series One Katowice 2014 Virtus.pro TaZ
98%
ESL Major Series One Katowice 2014 Virtus.pro byali
95%
ELEAGUE Major: Atlanta 2017 Astralis device
89%
FACEIT Major: London 2018 Astralis device
89%
IEM Katowice Major 2019 Astralis device
89%
StarLadder Berlin Major 2019 Astralis device
89%
DreamHack Winter 2013 Fnatic JW
89%
ESL One: Katowice 2015 Fnatic JW
89%
ESL One: Cologne 2015 Fnatic JW
89%
DreamHack Winter 2013 Fnatic flusha
88%
ESL One: Katowice 2015 Fnatic flusha
88%
ESL One: Cologne 2015 Fnatic flusha
88%
ESL One: Katowice 2015 Fnatic olofmeister
88%
ESL One: Cologne 2015 Fnatic olofmeister
88%
DreamHack Open Cluj⁠-⁠Napoca 2015 Envy kennyS
84%
FACEIT Major: London 2018 Astralis Magisk
83%
IEM Katowice Major 2019 Astralis Magisk
83%
StarLadder Berlin Major 2019 Astralis Magisk
83%
ESL One: Cologne 2014 NiP get_right
82%
MLG Major Championship: Columbus 2016 Luminosity coldzera
81%
ESL One: Cologne 2016 SK Gaming coldzera
81%
ELEAGUE Major: Atlanta 2017 Astralis dupreeh
80%
MLG Major Championship: Columbus 2016 Luminosity Fallen
80%
ESL One: Cologne 2016 SK Gaming Fallen
80%
ELEAGUE Major: Atlanta 2017 Astralis Xyp9x
80%
FACEIT Major: London 2018 Astralis Xyp9x
80%
IEM Katowice Major 2019 Astralis Xyp9x
80%
StarLadder Berlin Major 2019 Astralis Xyp9x
80%
PGL Major Kraków 2017 Gambit Dosia
78%
ESL One: Cologne 2014 NiP f0rest
77%
ESL One: Katowice 2015 Fnatic krimz
76%
ESL One: Cologne 2015 Fnatic krimz
76%
ELEAGUE Major: Atlanta 2017 Astralis Gla1ve
74%
FACEIT Major: London 2018 Astralis Gla1ve
74%
IEM Katowice Major 2019 Astralis Gla1ve
74%
StarLadder Berlin Major 2019 Astralis Gla1ve
74%
ELEAGUE Major: Boston 2018 Cloud9 Stewie2k
74%
FACEIT Major: London 2018 Astralis dupreeh
73%
IEM Katowice Major 2019 Astralis dupreeh
73%
StarLadder Berlin Major 2019 Astralis dupreeh
73%
MLG Major Championship: Columbus 2016 Luminosity taco
69%
ESL One: Cologne 2016 SK Gaming taco
69%
MLG Major Championship: Columbus 2016 Luminosity fer
68%
ESL One: Cologne 2016 SK Gaming fer
68%
DreamHack Winter 2014 LDLC Happy
60%
DreamHack Open Cluj⁠-⁠Napoca 2015 Envy Happy
60%
DreamHack Winter 2013 Fnatic pronax
60%
ESL One: Katowice 2015 Fnatic pronax
60%
ESL One: Cologne 2015 Fnatic pronax
60%
ELEAGUE Major: Boston 2018 Cloud9 Skadoodle
60%
DreamHack Winter 2014 LDLC shox
59%
PGL Major Kraków 2017 Gambit Adren
57%
ESL One: Cologne 2014 NiP friberg
56%
PGL Major Kraków 2017 Gambit Hobbit
56%
MLG Major Championship: Columbus 2016 Luminosity fnx
55%
ESL One: Cologne 2016 SK Gaming fnx
55%
PGL Major Kraków 2017 Gambit Zeus
53%
ELEAGUE Major: Atlanta 2017 Astralis Kjaerbye
52%
DreamHack Winter 2014 LDLC NBK
52%
DreamHack Open Cluj⁠-⁠Napoca 2015 Envy NBK
52%
ELEAGUE Major: Boston 2018 Cloud9 Tarik
52%
DreamHack Open Cluj⁠-⁠Napoca 2015 Envy apEX
51%
ESL One: Cologne 2014 NiP Xizt
50%
PGL Major Kraków 2017 Gambit Mou
48%
ESL One: Cologne 2014 NiP Fifflaren
42%
ELEAGUE Major: Boston 2018 Cloud9 rush
42%
ELEAGUE Major: Boston 2018 Cloud9 autimatic
41%
DreamHack Winter 2014 LDLC kioshima
39%
DreamHack Open Cluj⁠-⁠Napoca 2015 Envy kioshima
39%
DreamHack Winter 2013 Fnatic Devilwalk
28%
DreamHack Winter 2014 LDLC SmithZz
23%
DreamHack Winter 2013 Fnatic znajder
21%
Nie znaleziono quizów pasujących do podanych kryteriów
Rozkład punktacji
Procent ludzi z każdym wynikiem
Percentyl według liczby udzielonych odpowiedzi
Twoja historia wyników
Nie rozwiązałeś tego quizu